• 首页
  • 本馆介绍
  • 公告通知
  • 最新文献
  • 馆藏检索
  • 电子资源
  • 读者导购
  • 参考咨询
  • 我的图书馆
  • 登录
  • 详细信息显示
  • 放入我的书架
  • 预约/预借图书
  • 作者相关作品
  • 分类相关作品
  • 丛书相关作品
  • 出版社相关作品

书目信息

  • 表格格式
  • 工作单格式
  • 卡片格式
题名:
20世纪大事记
    
 
作者: 曹世文 主编
分册:  
出版信息: 北京   国际文化出版公司  1991.03
页数: 1010页
开本: 20cm
丛书名:
单 册:
中图分类: K108
科图分类:
主题词: 世界史:通史
电子资源:
ISBN: 7-80049-279-6
000 00547nam0 2200193 450
001 0652029656
005 20061116142923.57
010    @a7-80049-279-6@b精装@dCNY22.50
100    @a20061116d1991 km y0chiy0120 ea
101 0  @achi
102    @aCN@b110000
200 1  @a20世纪大事记@A20 shi ji da shi ji@f曹世文主编@Fcao shi wen zhu bian
210    @a北京@c国际文化出版公司@d1991.03
215    @a1010页@d20cm
606 0  @a世界史:通史
690    @aK108@v3
701  0 @a曹世文@Acao shi wen@4主编
801  0 @aCN@bPFT@c20061116
905    @a10447@dK108@e71
    
    20世纪大事记/曹世文主编.-北京:国际文化出版公司,1991.03
    1010页;20cm
    
    
    ISBN 7-80049-279-6(精装):CNY22.50
    
●
相关链接 在E读中查询图书 在五车中查询图书 在当当中查询图书 在豆瓣中查询图书


正题名:20世纪大事记     索取号:K108/71         预约/预借

序号 登录号 条形码 馆藏地/架位号 状态 备注
1 0256755   202447575   第二样本阅览室/ [索取号:K108/71] 在馆    
唐山师范学院图书馆 欢迎您!
大连网信软件有限公司© 版权所有